[Event "3. Torneo Internacional A.D. San Juan"]
[Site "Pamplona ESP"]
[Date "2009.07.31"]
[Round "6.6"]
[White "Garbisu De Goni, Unai"]
[Black "Ninov, Nikolai"]
[Result "1/2-1/2"]
[WhiteElo "2467"]
[BlackElo "2562"]
[PlyCount "102"]
[EventDate "2009.07.27"]
[EventType "swiss"]
[EventRounds "9"]
[EventCountry "ESP"]
[Source "lmi"]
[SourceDate "2009.07.27"]

1. e4 c5 2. Nf3 d6 3. d4 Nf6 4. Nc3 cxd4 5. Nxd4 a6 6. Be3 e6 7. Qd2 b5 8. f3
Nbd7 9. g4 h6 10. O-O-O b4 11. Nce2 Qa5 12. Kb1 Bb7 13. Nb3 Qa4 14. h4 d5 15.
exd5 Bxd5 16. Rh3 Ne5 17. Ned4 O-O-O 18. g5 hxg5 19. hxg5 Rxh3 20. Bxh3 Nfd7
21. Qe2 g6 22. f4 Nc4 23. f5 gxf5 24. Nxf5 Nde5 25. Nfd4 Qd7 26. Rf1 Nxe3 27.
Qxe3 Bg7 28. Qe1 Rh8 29. Qg3 Bc4 30. Re1 Qc7 31. Bg2 Ng6 32. Qf3 Nh4 33. Qg4
Nxg2 34. Qxg2 Bd5 35. Qf1 Qc4 36. Qf2 Bxd4 37. Qxd4 Qxd4 38. Nxd4 Rh4 39. c3
bxc3 40. bxc3 Rg4 41. Rf1 Kd8 42. c4 Bxc4 43. Nc6+ Ke8 44. Ne5 Bxf1 45. Nxg4
Ke7 46. Ne5 Be2 47. Kc2 Bh5 48. Kc3 Kd6 49. Kd4 Bg6 50. Nc4+ Kc6 51. Ne5+ Kd6
1/2-1/2

[Event "3. Torneo Internacional A.D. San Juan"]
[Site "Pamplona ESP"]
[Date "2009.07.31"]
[Round "6.7"]
[White "Maze, Sebastien"]
[Black "Fernandez Garcia, Jose Luis"]
[Result "1-0"]
[WhiteElo "2546"]
[BlackElo "2465"]
[PlyCount "71"]
[EventDate "2009.07.27"]
[EventType "swiss"]
[EventRounds "9"]
[EventCountry "ESP"]
[Source "lmi"]
[SourceDate "2009.07.27"]

1. e4 Nf6 2. e5 Nd5 3. d4 d6 4. c4 Nb6 5. exd6 cxd6 6. Nc3 g6 7. h3 Bg7 8. Nf3
O-O 9. Be2 Nc6 10. O-O Bf5 11. Bg5 h6 12. Be3 d5 13. c5 Nc4 14. Bc1 b6 15. b3
N4a5 16. cxb6 Qxb6 17. Na4 Qd8 18. Bb2 Rb8 19. Qd2 Nb4 20. Bc3 Nbc6 21. Ne5
Bxe5 22. dxe5 d4 23. Bb2 Nxe5 24. Qxd4 Qxd4 25. Bxd4 Nac6 26. Be3 Rfd8 27. Rfd1
Rxd1+ 28. Rxd1 g5 29. f4 gxf4 30. Bxf4 Kg7 31. Nb2 Rb7 32. Nc4 f6 33. Bxe5 fxe5
34. Ne3 Be6 35. Bc4 Bg8 36. Rc1 1-0

[Event "3. Torneo Internacional A.D. San Juan"]
[Site "Pamplona ESP"]
[Date "2009.07.31"]
[Round "6.8"]
[White "Rusev, Krasimir"]
[Black "Arnaudov, G  Petar"]
[Result "1-0"]
[WhiteElo "2543"]
[BlackElo "2443"]
[PlyCount "35"]
[EventDate "2009.07.27"]
[EventType "swiss"]
[EventRounds "9"]
[EventCountry "ESP"]
[Source "lmi"]
[SourceDate "2009.07.27"]

1. d4 Nf6 2. Bg5 c5 3. Bxf6 gxf6 4. d5 Qb6 5. Qc1 f5 6. c4 Bh6 7. e3 f4 8. exf4
Bxf4 9. Qxf4 Qxb2 10. Ne2 Qxa1 11. Nec3 Qb2 12. d6 Nc6 13. Bd3 Nb4 14. Be4 Nc2+
15. Kd1 Nd4 16. Qe5 O-O 17. dxe7 Ne6 18. Qf5 1-0

[Event "3. Torneo Internacional A.D. San Juan"]
[Site "Pamplona ESP"]
[Date "2009.07.31"]
[Round "6.9"]
[White "Recuero Guerra, David"]
[Black "Suba, Mihai"]
[Result "0-1"]
[WhiteElo "2460"]
[BlackElo "2540"]
[PlyCount "29"]
[EventDate "2009.07.27"]
[EventType "swiss"]
[EventRounds "9"]
[EventCountry "ESP"]
[Source "lmi"]
[SourceDate "2009.07.27"]

1. e4 c5 2. Nf3 d6 3. d4 Nf6 4. Nc3 cxd4 5. Nxd4 e6 6. Be3 a6 7. f3 b5 8. Qd2
Bb7 9. O-O-O Nbd7 10. Kb1 Rc8 11. Bd3 Ne5 12. Rhe1 Be7 13. g4 Nfd7 14. f4 Nxg4
15. Bg1 0-1

[Event "3. Torneo Internacional A.D. San Juan"]
[Site "Pamplona ESP"]
[Date "2009.07.31"]
[Round "6.10"]
[White "Delorme, Axel"]
[Black "Paunovic, Dragan"]
[Result "1/2-1/2"]
[WhiteElo "2434"]
[BlackElo "2533"]
[PlyCount "47"]
[EventDate "2009.07.27"]
[EventType "swiss"]
[EventRounds "9"]
[EventCountry "ESP"]
[Source "lmi"]
[SourceDate "2009.07.27"]

1. e4 c5 2. Nf3 e6 3. d4 cxd4 4. Nxd4 a6 5. Bd3 Nf6 6. O-O d6 7. c4 g6 8. Nc3
Bg7 9. h3 O-O 10. Nf3 Nfd7 11. Bg5 Qc7 12. Rc1 Ne5 13. Be2 Nbc6 14. Nxe5 dxe5
15. Nd5 exd5 16. cxd5 h6 17. Be3 Bd7 18. Qb3 Qd8 19. dxc6 Bxc6 20. Bc5 Re8 21.
Rfd1 Qf6 22. Rd6 Qf4 23. Be3 Qxe4 24. Bf3 1/2-1/2

[Event "3. Torneo Internacional A.D. San Juan"]
[Site "Pamplona ESP"]
[Date "2009.07.31"]
[Round "6.11"]
[White "Strikovic, Aleksa"]
[Black "Villavicencio Martinez, Adalber"]
[Result "1-0"]
[WhiteElo "2523"]
[BlackElo "2340"]
[PlyCount "81"]
[EventDate "2009.07.27"]
[EventType "swiss"]
[EventRounds "9"]
[EventCountry "ESP"]
[Source "lmi"]
[SourceDate "2009.07.27"]

1. c4 c5 2. Nf3 Nf6 3. Nc3 g6 4. d4 cxd4 5. Nxd4 Bg7 6. e4 d6 7. Be2 O-O 8. O-O
Nc6 9. Nc2 Nd7 10. Bd2 Nc5 11. f3 f5 12. b4 Ne6 13. exf5 gxf5 14. Rb1 a5 15. a3
axb4 16. axb4 Ncd4 17. Nxd4 Nxd4 18. Bd3 Be6 19. Re1 Rc8 20. Nd5 Bxd5 21. cxd5
f4 22. Re4 Be5 23. Qe1 e6 24. Qf2 Qf6 25. dxe6 Nxe6 26. Kh1 Ng5 27. Rc4 Kh8 28.
Rbc1 Rxc4 29. Rxc4 d5 30. Rc1 Bd4 31. Qe1 Ne6 32. Qe2 Re8 33. Bb1 Qe5 34. Qd3
Nf8 35. g3 fxg3 36. hxg3 Bf2 37. Bf4 Qf6 38. Kg2 Bb6 39. Rh1 Qb2+ 40. Bc2 Qg7
41. Rxh7+ 1-0

[Event "3. Torneo Internacional A.D. San Juan"]
[Site "Pamplona ESP"]
[Date "2009.07.31"]
[Round "6.12"]
[White "Mihailovs, Jurijs"]
[Black "Ibarra Jerez, Jose Carlos"]
[Result "1-0"]
[WhiteElo "2408"]
[BlackElo "2517"]
[PlyCount "75"]
[EventDate "2009.07.27"]
[EventType "swiss"]
[EventRounds "9"]
[EventCountry "ESP"]
[Source "lmi"]
[SourceDate "2009.07.27"]

1. d4 Nf6 2. c4 d6 3. Nc3 e5 4. Nf3 e4 5. Nd2 e3 6. fxe3 c5 7. g3 h5 8. Nf3 h4
9. gxh4 b6 10. Rg1 Bb7 11. d5 a6 12. a4 Qe7 13. Qc2 Nbd7 14. e4 g6 15. Bg5 Bg7
16. Bh3 Ne5 17. Qb3 Rb8 18. O-O-O Ba8 19. Rdf1 Bh6 20. Nxe5 Qxe5 21. Rg3 Nh5
22. Bxh6 Rxh6 23. Rgf3 f6 24. Bg4 Ke7 25. h3 Rhh8 26. Bxh5 Rxh5 27. Rxf6 Qxf6
28. Rxf6 Kxf6 29. Nd1 Ke7 30. Qg3 Rg8 31. Ne3 Re5 32. Nf5+ Kd7 33. h5 g5 34. h6
Rge8 35. h7 Rxe4 36. Qxd6+ Kc8 37. Qf6 Rxc4+ 38. Kd2 1-0

[Event "3. Torneo Internacional A.D. San Juan"]
[Site "Pamplona ESP"]
[Date "2009.07.31"]
[Round "6.13"]
[White "Cabrera Trujillo, Jorge"]
[Black "Ortiz Suarez, Isan Reynaldo"]
[Result "1/2-1/2"]
[WhiteElo "2410"]
[BlackElo "2504"]
[PlyCount "120"]
[EventDate "2009.07.27"]
[EventType "swiss"]
[EventRounds "9"]
[EventCountry "ESP"]
[Source "lmi"]
[SourceDate "2009.07.27"]

1. e4 c5 2. Nf3 d6 3. d4 cxd4 4. Nxd4 Nf6 5. Nc3 a6 6. Bg5 e6 7. f4 Bd7 8. Qe2
Qb6 9. O-O-O Nc6 10. Nb3 Qc7 11. Bxf6 gxf6 12. Kb1 h5 13. Qd2 O-O-O 14. Be2 Be7
15. Rhf1 Kb8 16. Rf3 h4 17. Rd3 Rc8 18. a3 Na5 19. Nxa5 Qxa5 20. Qe1 Qc5 21.
Bf3 Rc7 22. R1d2 Qb6 23. Ka2 Rhc8 24. Qxh4 d5 25. exd5 Bxa3 26. bxa3 Rxc3 27.
Rxc3 Rxc3 28. Qh8+ Bc8 29. Qf8 Rc5 30. c4 Rxc4 31. Rb2 Qc5 32. Qxc5 Rxc5 33. d6
b5 34. Rd2 Bd7 35. Kb3 e5 36. Rc2 Be6+ 37. Kb2 Bc4 38. d7 Kc7 39. Rd2 Kd8 40.
h4 Be6 41. h5 e4 42. Be2 Bf5 43. Rc2 Rd5 44. g4 Bh7 45. f5 Kxd7 46. Kc1 Kd6 47.
Rd2 Ke5 48. Rxd5+ Kxd5 49. Kd2 Kd4 50. Bd1 e3+ 51. Ke2 Ke4 52. Bb3 Kf4 53. Bxf7
a5 54. Bg6 Bg8 55. h6 b4 56. axb4 axb4 57. h7 Bxh7 58. Bxh7 b3 59. Bg8 Kxg4 60.
Bxb3 Kxf5 1/2-1/2

[Event "3. Torneo Internacional A.D. San Juan"]
[Site "Pamplona ESP"]
[Date "2009.07.31"]
[Round "6.14"]
[White "Mladenov, Plamen"]
[Black "Reinaldo Castineira, Roi"]
[Result "0-1"]
[WhiteElo "2362"]
[BlackElo "2503"]
[PlyCount "120"]
[EventDate "2009.07.27"]
[EventType "swiss"]
[EventRounds "9"]
[EventCountry "ESP"]
[Source "lmi"]
[SourceDate "2009.07.27"]

1. Nf3 d6 2. c4 e5 3. Nc3 Nf6 4. g3 g6 5. Bg2 Bg7 6. O-O O-O 7. d3 h6 8. Rb1 a5
9. a3 Re8 10. b4 axb4 11. axb4 c6 12. b5 d5 13. bxc6 bxc6 14. cxd5 cxd5 15. d4
e4 16. Ne5 Ba6 17. f3 Qc7 18. Qb3 Qa7 19. Qb6 Qxb6 20. Rxb6 Nfd7 21. Nxd7 Bxd4+
22. e3 Bxc3 23. Rxa6 Rxa6 24. Nc5 Rc6 25. Na4 Bg7 26. fxe4 dxe4 27. g4 Rec8 28.
Bb2 Bxb2 29. Nxb2 Rc1 30. Bxe4 Rxf1+ 31. Kxf1 Re8 32. Bd5 Rxe3 33. Nc4 Re7 34.
Kg2 Nd7 35. Kg3 Nf6 36. Bf3 Rc7 37. Nd6 Kf8 38. h4 Rc5 39. Nb7 Rc3 40. Na5 g5
41. hxg5 hxg5 42. Kg2 Ke7 43. Nc6+ Rxc6 44. Bxc6 Nxg4 45. Bb7 f5 46. Kf3 Kf6
47. Bc8 Ne5+ 48. Ke3 g4 49. Bb7 Kg5 50. Bc8 f4+ 51. Kf2 g3+ 52. Kg2 Kh4 53. Bb7
f3+ 54. Kh1 Kg4 55. Bc8+ Kf4 56. Bb7 Ke3 57. Kg1 Ng6 58. Bc6 Nf4 59. Kh1 g2+
60. Kh2 Kf2 0-1

[Event "3. Torneo Internacional A.D. San Juan"]
[Site "Pamplona ESP"]
[Date "2009.07.31"]
[Round "6.15"]
[White "Pap, Misa"]
[Black "Alvarez Pedraza, Aramis"]
[Result "1-0"]
[WhiteElo "2478"]
[BlackElo "2460"]
[PlyCount "105"]
[EventDate "2009.07.27"]
[EventType "swiss"]
[EventRounds "9"]
[EventCountry "ESP"]
[Source "lmi"]
[SourceDate "2009.07.27"]

1. e4 c5 2. c3 g6 3. d4 cxd4 4. cxd4 d5 5. e5 Nc6 6. Nc3 Nh6 7. Bb5 Bg7 8. Nge2
O-O 9. O-O f6 10. exf6 Rxf6 11. Ba4 Rf7 12. Nf4 e6 13. Bxc6 bxc6 14. Nd3 Qh4
15. Bxh6 Qxh6 16. Ne2 Ba6 17. Rc1 Rc8 18. Rc2 Qh4 19. f4 Qf6 20. Ne5 Rfc7 21.
Rf3 c5 22. dxc5 Rxc5 23. Rxc5 Rxc5 24. g3 Qf5 25. Re3 Bxe2 26. Rxe2 g5 27. Qa4
gxf4 28. Qe8+ Bf8 29. g4 Qf6 30. Nf3 Kg7 31. Rxe6 Rc1+ 32. Kg2 Rc2+ 33. Kh3 Qf7
34. Qxf7+ Kxf7 35. Ng5+ Kg7 36. Ra6 Rxb2 37. Ne6+ Kf7 38. Nxf4 d4 39. Rxa7+ Kg8
40. Ne6 Bd6 41. g5 Re2 42. Nxd4 Re3+ 43. Kg2 Bc5 44. Ra8+ Kf7 45. Nf3 Rc3 46.
Ra6 Be7 47. h4 Re3 48. Kg3 Re4 49. a4 Bb4 50. g6+ Kg7 51. gxh7 Re7 52. Ng5 Bd2
53. Rg6+ 1-0

[Event "3. Torneo Internacional A.D. San Juan"]
[Site "Pamplona ESP"]
[Date "2009.08.01"]
[Round "7.1"]
[White "Pogorelov, Ruslan"]
[Black "Mirzoev, Azer"]
[Result "1/2-1/2"]
[WhiteElo "2441"]
[BlackElo "2559"]
[PlyCount "28"]
[EventDate "2009.07.27"]
[EventType "swiss"]
[EventRounds "9"]
[EventCountry "ESP"]
[Source "lmi"]
[SourceDate "2009.07.27"]

1. d4 d5 2. c4 e6 3. Nc3 Nf6 4. Bg5 Be7 5. Nf3 O-O 6. e3 h6 7. Bh4 b6 8. Be2
Bb7 9. Bxf6 Bxf6 10. cxd5 exd5 11. b4 c5 12. bxc5 bxc5 13. Rb1 Bc6 14. O-O Nd7
1/2-1/2

[Event "3. Torneo Internacional A.D. San Juan"]
[Site "Pamplona ESP"]
[Date "2009.08.01"]
[Round "7.2"]
[White "Aleksandrov, Aleksej"]
[Black "Maze, Sebastien"]
[Result "1-0"]
[WhiteElo "2616"]
[BlackElo "2546"]
[PlyCount "29"]
[EventDate "2009.07.27"]
[EventType "swiss"]
[EventRounds "9"]
[EventCountry "ESP"]
[Source "lmi"]
[SourceDate "2009.07.27"]

1. d4 Nf6 2. c4 c5 3. d5 e6 4. Nc3 exd5 5. cxd5 d6 6. Nf3 g6 7. Bf4 Bg7 8. Qa4+
Bd7 9. Qb3 Bc8 10. e3 O-O 11. Be2 a6 12. a4 Nh5 13. Bg5 f6 14. Bh4 b5 15. Nd2
1-0

[Event "3. Torneo Internacional A.D. San Juan"]
[Site "Pamplona ESP"]
[Date "2009.08.01"]
[Round "7.3"]
[White "Fedorchuk, Sergey A"]
[Black "Vera Gonzalez-Quevedo, Reynaldo"]
[Result "1-0"]
[WhiteElo "2655"]
[BlackElo "2499"]
[PlyCount "65"]
[EventDate "2009.07.27"]
[EventType "swiss"]
[EventRounds "9"]
[EventCountry "ESP"]
[Source "lmi"]
[SourceDate "2009.07.27"]

1. e4 c5 2. Nf3 d6 3. d4 cxd4 4. Nxd4 Nf6 5. Nc3 a6 6. h3 e6 7. g4 Be7 8. Bg2
Nfd7 9. g5 Nc6 10. h4 Qb6 11. Nb3 Qc7 12. h5 b5 13. Nd4 Bb7 14. Nxc6 Bxc6 15.
Qd4 e5 16. Nd5 Qd8 17. Qd3 Bxd5 18. exd5 Rc8 19. c3 Rc4 20. Qg3 b4 21. cxb4
Rxb4 22. a3 Rc4 23. b3 Rd4 24. Be3 Rd3 25. b4 f5 26. gxf6 Nxf6 27. Ke2 Rb3 28.
Rac1 Qb8 29. Qh3 O-O 30. Qe6+ Kh8 31. Qxe7 Ng4 32. h6 gxh6 33. Be4 1-0

[Event "3. Torneo Internacional A.D. San Juan"]
[Site "Pamplona ESP"]
[Date "2009.08.01"]
[Round "7.4"]
[White "Pap, Misa"]
[Black "Ibrahimov, Rasul"]
[Result "1/2-1/2"]
[WhiteElo "2478"]
[BlackElo "2543"]
[PlyCount "131"]
[EventDate "2009.07.27"]
[EventType "swiss"]
[EventRounds "9"]
[EventCountry "ESP"]
[Source "lmi"]
[SourceDate "2009.07.27"]

1. e4 c5 2. c3 d5 3. exd5 Qxd5 4. d4 Nf6 5. Nf3 Bg4 6. dxc5 Qxc5 7. h3 Bd7 8.
Be3 Qc8 9. Na3 Nc6 10. Nc4 g6 11. Nce5 Bg7 12. Nxd7 Nxd7 13. Be2 O-O 14. O-O
Qc7 15. Qa4 a6 16. Qh4 b5 17. Rac1 Nde5 18. b3 Rac8 19. Nxe5 Bxe5 20. c4 Bb2
21. cxb5 Bxc1 22. Rxc1 axb5 23. Bxb5 Qd6 24. Bxc6 Rxc6 25. Rxc6 Qxc6 26. Qxe7
Re8 27. Qg5 f6 28. Qf4 g5 29. Qd4 Re4 30. Qd2 Re7 31. Qd8+ Kf7 32. Qd3 Kg7 33.
a4 Rd7 34. Qb1 Rb7 35. a5 Qb5 36. Bb6 Rd7 37. b4 Qe2 38. Qf5 Rd1+ 39. Kh2 h5
40. h4 gxh4 41. Qf4 Qf1 42. Qxh4 Qg1+ 43. Kg3 Rd3+ 44. f3 Qe1+ 45. Kh3 Qh1+ 46.
Kg3 Qe1+ 47. Bf2 Qe5+ 48. Kh3 Rb3 49. Bc5 Kh6 50. Qc4 Rc3 51. Bf8+ Kg6 52. Qg8+
Kf5 53. Bh6 Qe6 54. Qh7+ Ke5+ 55. Kh2 Kd5 56. Bf4 Kc4 57. Qb7 Rc2 58. a6 Rxg2+
59. Kxg2 Qe2+ 60. Kg1 Qe1+ 61. Kg2 Qe2+ 62. Kg3 Qe1+ 63. Kh3 Qf1+ 64. Kg3 Qg1+
65. Kh3 Qf1+ 66. Kg3 1/2-1/2

[Event "3. Torneo Internacional A.D. San Juan"]
[Site "Pamplona ESP"]
[Date "2009.08.01"]
[Round "7.5"]
[White "Pozo Vera, Sandro"]
[Black "Rusev, Krasimir"]
[Result "1/2-1/2"]
[WhiteElo "2451"]
[BlackElo "2543"]
[PlyCount "37"]
[EventDate "2009.07.27"]
[EventType "swiss"]
[EventRounds "9"]
[EventCountry "ESP"]
[Source "lmi"]
[SourceDate "2009.07.27"]

1. d4 Nf6 2. Nf3 e6 3. c4 b6 4. a3 Bb7 5. Nc3 d5 6. Bf4 dxc4 7. e3 Nd5 8. Bxc4
Nxf4 9. exf4 Bd6 10. O-O O-O 11. g3 Nd7 12. Re1 Nf6 13. Ne5 Nd5 14. Nxd5 exd5
15. Bd3 c5 16. Rc1 Rc8 17. Bb1 Rc7 18. Qd3 g6 19. h4 1/2-1/2

[Event "3. Torneo Internacional A.D. San Juan"]
[Site "Pamplona ESP"]
[Date "2009.08.01"]
[Round "7.6"]
[White "Suba, Mihai"]
[Black "Huerga Leache, Mikel"]
[Result "0-1"]
[WhiteElo "2540"]
[BlackElo "2456"]
[PlyCount "176"]
[EventDate "2009.07.27"]
[EventType "swiss"]
[EventRounds "9"]
[EventCountry "ESP"]
[Source "lmi"]
[SourceDate "2009.07.27"]

1. c4 e5 2. Nc3 Nf6 3. Nf3 Nc6 4. e3 Bb4 5. Qc2 Bxc3 6. bxc3 O-O 7. Be2 d6 8.
O-O e4 9. Ne1 Bf5 10. Qb3 Rb8 11. f3 Bg6 12. fxe4 Nxe4 13. d3 Nc5 14. Qd1 Kh8
15. Nc2 Ne7 16. Nd4 Qd7 17. Bg4 Qa4 18. e4 Qxd1 19. Rxd1 f5 20. Bg5 fxg4 21.
Bxe7 Rf7 22. Bh4 Rbf8 23. a4 a5 24. Bg3 Re7 25. Nb5 Rc8 26. Bf2 b6 27. Na7 Rf8
28. Nc6 Re6 29. Nd4 Ref6 30. Be3 Bh5 31. Nf5 g3 32. Bxc5 gxh2+ 33. Kxh2 Bxd1
34. Bd4 Bc2 35. Bxf6 Rxf6 36. d4 g6 37. Ne3 Bxe4 38. Kg3 Bc6 39. c5 Re6 40. Kf2
dxc5 41. dxc5 bxc5 42. Nc4 Re4 43. Nxa5 Rxa4 44. Rxa4 Bxa4 45. Nb7 c4 46. Nc5
Be8 47. g4 h5 48. g5 Kg8 49. Ne6 c6 50. Nf4 Kf7 51. Kf3 Bd7 52. Ng2 Bh3 53. Nh4
Bf5 54. Ke3 Ke6 55. Kf4 Bd3 56. Ng2 Kd5 57. Ne3+ Kc5 58. Ng2 Kb5 59. Nh4 Ka4
60. Ke3 Kb3 61. Kd2 Be4 62. Ke3 Bb1 63. Kd2 Kb2 64. Nf3 Be4 65. Nh4 Kb3 66. Ke3
Bb1 67. Kd2 Ka4 68. Ke3 Kb5 69. Kd4 Bd3 70. Nf3 Kb6 71. Nh4 Kc7 72. Ke5 Kb6 73.
Kd4 Kb5 74. Ke3 Kc5 75. Kf4 Kd5 76. Ng2 h4 77. Nxh4 Be4 78. Kg4 Ke5 79. Kg3 Bf5
80. Kf3 c5 81. Kg3 Ke4 82. Ng2 Kd3 83. Nh4 Kxc3 84. Nxf5 Kd3 85. Kf4 c3 86. Ne3
c4 87. Nd5 c2 88. Nb4+ Kc3 0-1

[Event "3. Torneo Internacional A.D. San Juan"]
[Site "Pamplona ESP"]
[Date "2009.08.01"]
[Round "7.8"]
[White "Reinaldo Castineira, Roi"]
[Black "Mihailovs, Jurijs"]
[Result "1/2-1/2"]
[WhiteElo "2503"]
[BlackElo "2408"]
[PlyCount "74"]
[EventDate "2009.07.27"]
[EventType "swiss"]
[EventRounds "9"]
[EventCountry "ESP"]
[Source "lmi"]
[SourceDate "2009.07.27"]

1. e4 c5 2. Nf3 e6 3. d4 cxd4 4. Nxd4 a6 5. Bd3 Bc5 6. Nb3 Ba7 7. Nc3 Nc6 8.
Qg4 Nf6 9. Qg3 d6 10. O-O Ne5 11. Be2 b5 12. Bf4 b4 13. Rad1 Qe7 14. Rxd6 Ng6
15. e5 bxc3 16. exf6 gxf6 17. Bf3 Bb7 18. Na5 Nxf4 19. Qxf4 Bxf3 20. Qxf3 Qxd6
21. Qxa8+ Bb8 22. Qc6+ Ke7 23. Qb7+ Bc7 24. g3 cxb2 25. Rb1 h5 26. h4 Rg8 27.
Rxb2 Qc5 28. Qb4 Qxb4 29. Nc6+ Kd6 30. Nxb4 a5 31. Nd3 e5 32. Kg2 Kc6 33. Rb3
f5 34. Rc3+ Kb6 35. Rb3+ Kc6 36. Rc3+ Kb6 37. Rb3+ Kc6 1/2-1/2

[Event "3. Torneo Internacional A.D. San Juan"]
[Site "Pamplona ESP"]
[Date "2009.08.01"]
[Round "7.9"]
[White "Edouard, Romain"]
[Black "Garbisu De Goni, Unai"]
[Result "1-0"]
[WhiteElo "2597"]
[BlackElo "2467"]
[PlyCount "113"]
[EventDate "2009.07.27"]
[EventType "swiss"]
[EventRounds "9"]
[EventCountry "ESP"]
[Source "lmi"]
[SourceDate "2009.07.27"]

1. Nf3 f5 2. d3 d5 3. g3 Nc6 4. d4 g6 5. c4 dxc4 6. d5 Nb8 7. Qa4+ c6 8. dxc6
Nxc6 9. Qxc4 Bg7 10. Nc3 Na5 11. Qh4 Nf6 12. Bg2 O-O 13. O-O e6 14. Bh6 Nc6 15.
Bxg7 Kxg7 16. b4 Qe7 17. b5 Nd8 18. e4 Qb4 19. Rac1 Nf7 20. Rfe1 Bd7 21. e5
Qxh4 22. Nxh4 Ng4 23. f4 Rab8 24. h3 Ngh6 25. Red1 Rfd8 26. Nf3 Kf8 27. a4 Ke7
28. Kf2 Rdc8 29. Nd4 g5 30. a5 gxf4 31. gxf4 Nd8 32. Bf3 Rc4 33. Be2 Rc5 34.
Nb3 Rcc8 35. Rd2 Be8 36. Rdc2 Bd7 37. Ke3 Nhf7 38. Bd3 Nh8 39. Nd2 Rc5 40. Kd4
Rcc8 41. Nc4 Ndf7 42. b6 axb6 43. Nxb6 Rd8 44. Ke3 Ng6 45. Ne2 Bc6 46. Rc5 Nh4
47. Bb5 Ng2+ 48. Kf2 Rd2 49. Bxc6 bxc6 50. R1c2 Rxe2+ 51. Kxe2 Nxf4+ 52. Ke3
Ng6 53. Ra2 Nfxe5 54. Rxe5 Nxe5 55. a6 f4+ 56. Kd4 Nd7 57. a7 1-0

[Event "3. Torneo Internacional A.D. San Juan"]
[Site "Pamplona ESP"]
[Date "2009.08.01"]
[Round "7.10"]
[White "Ninov, Nikolai"]
[Black "Larino Nieto, David"]
[Result "1/2-1/2"]
[WhiteElo "2562"]
[BlackElo "2455"]
[PlyCount "74"]
[EventDate "2009.07.27"]
[EventType "swiss"]
[EventRounds "9"]
[EventCountry "ESP"]
[Source "lmi"]
[SourceDate "2009.07.27"]

1. e4 e6 2. d4 d5 3. Nc3 Nf6 4. Bg5 Bb4 5. e5 h6 6. Bd2 Bxc3 7. Bxc3 Ne4 8. Ne2
Bd7 9. Bb4 c5 10. Ba3 Nc6 11. c3 Qa5 12. dxc5 Nxe5 13. Qd4 Nc6 14. Qe3 O-O-O
15. Ng3 Nf6 16. O-O-O e5 17. Bd3 e4 18. Be2 Rhe8 19. Nh5 Nxh5 20. Bxh5 Ne5 21.
Rxd5 Nc4 22. Qf4 Nxa3 23. Rhd1 Nb5 24. Rxd7 Rxd7 25. Rxd7 Kxd7 26. Qxf7+ Re7
27. Bg4+ Kd8 28. Qg8+ Re8 29. Qd5+ Ke7 30. Qd7+ Kf8 31. Bh5 g6 32. Bxg6 Re7 33.
Qc8+ Kg7 34. Qg4 Nc7 35. Bh5+ Kf8 36. Qf5+ Kg8 37. Qg4+ Kf8 1/2-1/2

[Event "3. Torneo Internacional A.D. San Juan"]
[Site "Pamplona ESP"]
[Date "2009.08.01"]
[Round "7.11"]
[White "Berbatov, Kiprian"]
[Black "Del Rio De Angelis, Salvador G"]
[Result "0-1"]
[WhiteElo "2398"]
[BlackElo "2560"]
[PlyCount "66"]
[EventDate "2009.07.27"]
[EventType "swiss"]
[EventRounds "9"]
[EventCountry "ESP"]
[Source "lmi"]
[SourceDate "2009.07.27"]

1. e4 g6 2. d4 Bg7 3. Nc3 d6 4. Be3 a6 5. h4 Nf6 6. f3 Nc6 7. Qd2 e5 8. d5 Nd4
9. Nge2 Nxe2 10. Nxe2 c6 11. c4 cxd5 12. cxd5 h5 13. a4 Ng8 14. Qb4 Bh6 15. Bb6
Qe7 16. Ra3 Nf6 17. Rc3 O-O 18. Rc7 Nd7 19. g4 a5 20. Qb3 Qd8 21. Rxd7 Qxd7 22.
gxh5 Qe7 23. hxg6 fxg6 24. h5 Qg5 25. hxg6 Qd2+ 26. Kf2 Bg4 27. Bg2 Bxf3 28.
Bxf3 Rxf3+ 29. Kxf3 Rf8+ 30. Kg3 Qg5+ 31. Kh2 Qh5+ 32. Qh3 Qxe2+ 33. Qg2 Bf4+
0-1

[Event "3. Torneo Internacional A.D. San Juan"]
[Site "Pamplona ESP"]
[Date "2009.08.01"]
[Round "7.12"]
[White "Paunovic, Dragan"]
[Black "Cabrera Trujillo, Jorge"]
[Result "1/2-1/2"]
[WhiteElo "2533"]
[BlackElo "2410"]
[PlyCount "108"]
[EventDate "2009.07.27"]
[EventType "swiss"]
[EventRounds "9"]
[EventCountry "ESP"]
[Source "lmi"]
[SourceDate "2009.07.27"]

1. Nf3 Nf6 2. g3 g6 3. Bg2 Bg7 4. O-O O-O 5. c4 d6 6. Nc3 e5 7. d3 h6 8. Rb1 a5
9. a3 Re8 10. Nd2 c6 11. Nde4 Nxe4 12. dxe4 Be6 13. b3 Na6 14. Be3 Nc5 15. Qd2
a4 16. Bxc5 dxc5 17. Qxd8 Rexd8 18. Nxa4 Bf8 19. Rfc1 Rd2 20. Bf3 Ra2 21. Ra1
Rxa1 22. Rxa1 Ra6 23. Nc3 b5 24. e3 Be7 25. Be2 bxc4 26. Bxc4 Bxc4 27. bxc4 Bd8
28. Ra2 Rb6 29. Kf1 Rb3 30. Na4 Rb1+ 31. Ke2 Rc1 32. Kd3 Ba5 33. Rb2 Ra1 34.
Nxc5 Rxa3+ 35. Ke2 Rc3 36. Nb7 Bc7 37. c5 Kf8 38. Ra2 Ke7 39. h4 Kd7 40. Ra7 f6
41. Kd2 Rc4 42. Kd3 Rc1 43. Nd6 Rxc5 44. Ne8 Kxe8 45. Rxc7 Kf8 46. h5 g5 47.
Rh7 Rc1 48. Ke2 Rh1 49. g4 Rg1 50. Kf3 Kg8 51. Rc7 Rc1 52. Rc8+ Kf7 53. Rc7+
Kg8 54. Rc8+ Kf7 1/2-1/2

[Event "3. Torneo Internacional A.D. San Juan"]
[Site "Pamplona ESP"]
[Date "2009.08.01"]
[Round "7.13"]
[White "Ortiz Suarez, Isan Reynaldo"]
[Black "Quidiello Prado, Manuel Rogelio"]
[Result "1-0"]
[WhiteElo "2504"]
[BlackElo "2209"]
[PlyCount "129"]
[EventDate "2009.07.27"]
[EventType "swiss"]
[EventRounds "9"]
[EventCountry "ESP"]
[Source "lmi"]
[SourceDate "2009.07.27"]

1. e4 e5 2. Bc4 Nf6 3. d3 Nc6 4. Nf3 Be7 5. O-O d6 6. Bb3 Na5 7. Ba4+ Bd7 8. c3
c5 9. Bc2 Nc6 10. Nbd2 O-O 11. Re1 Re8 12. Nf1 Bf8 13. Ng3 h6 14. h3 g6 15. d4
cxd4 16. cxd4 Qc7 17. Be3 Nb4 18. Bb3 Nc6 19. Rc1 Qa5 20. d5 Ne7 21. Nd2 Bb5
22. Nc4 Bxc4 23. Rxc4 Rec8 24. Ra4 Qc7 25. Rc4 Qd8 26. Qd2 Kh7 27. f4 Nd7 28.
Rf1 Bg7 29. Rxc8 Nxc8 30. f5 Nf6 31. fxg6+ fxg6 32. Qb4 b6 33. Bc4 Ne7 34. Ba6
Rb8 35. Rc1 Ne8 36. Qc4 Ng8 37. a4 Ngf6 38. b4 Qe7 39. Qc6 h5 40. Rc4 Bh6 41.
Bf2 h4 42. Ne2 Nh5 43. Bc8 Bg5 44. Qd7 Qxd7 45. Bxd7 Nhf6 46. Be6 Rb7 47. Nc3
Rc7 48. Rc6 Rxc6 49. dxc6 Nc7 50. Bc4 Bd2 51. Nb5 Nxb5 52. Bxb5 Ne8 53. Kf1 g5
54. a5 bxa5 55. Bxa7 Nc7 56. Bd3 Bxb4 57. Bb6 Na8 58. Bd8 a4 59. c7 Nb6 60.
Bxg5 a3 61. Bc1 a2 62. Bb2 Ba5 63. Ba6 Na4 64. c8=Q Nxb2 65. Qb7+ 1-0